| 000 | 01058nam a22003617a 4500 | ||
|---|---|---|---|
| 001 | 12359294 | ||
| 003 | OSt | ||
| 005 | 20140310182849.0 | ||
| 008 | 010113s2000 ph 000 1 eng | ||
| 010 | _a 99504328 | ||
| 020 | _a971630126X (hard) | ||
| 020 | _a9716301251 (pbk.) | ||
| 035 | _a(DLC) 99504328 | ||
| 037 |
_bLibrary of Congress -- Jakarta Overseas Office _cP1,195.00 |
||
| 040 |
_aDLC _cDLC |
||
| 042 | _alcode | ||
| 050 | 0 | 0 |
_aPL 5546 _b.C957 2000 |
| 082 |
_aFIL 899.2103 _bB46 2000 |
||
| 245 | 0 | 4 |
_aThe best Philippine short stories of the twentieth century: _ban anthology of fiction in English / _cIsagani R. Cruz |
| 260 |
_aManila, Philippines: _bTahanan Books _cc2000. |
||
| 300 |
_axii 730 p. _c24 cm. |
||
| 521 | _aBasic Ed. students | ||
| 541 | _j1 | ||
| 541 | _j2 | ||
| 541 | _j1 | ||
| 541 | _j1 | ||
| 541 | _j4 | ||
| 562 | _e5 | ||
| 700 | 1 |
_aCruz, Isagani R., _d1945- |
|
| 906 |
_a7 _bcbc _corigode _d4 _encip _f19 _gy-gencatlg |
||
| 942 |
_2lcc _cBK _kFIL |
||
| 999 |
_c16970 _d16970 |
||